Normal view
MARC view
- Bereiter, Susan R
Entry Personal Name
001 - CONTROL NUMBER
- control field: 86709
003 - CONTROL NUMBER IDENTIFIER
- control field: NUST
005 - DATE AND TIME OF LATEST TRANSACTION
- control field: 20211216103036.0
008 - FIXED-LENGTH DATA ELEMENTS
- fixed length control field: 211216|| aca||aabn | a|a d
040 ## - CATALOGING SOURCE
- Original cataloging agency: NUST
- Transcribing agency: NUST
100 ## - HEADING--PERSONAL NAME
- Personal name: Bereiter, Susan R
670 ## - SOURCE DATA FOUND
- Source citation: Work cat.: (NUST)32659: Bereiter, Susan R., Troubleshooting and Human Factors in Automated Manufacturing Systems /, 2005.
